000 00305nam a22001337a 4500
008 180129b xxu||||| |||| 00| 0 eng d
020 _a9780971468603
041 _aeng
080 _a82
100 _a21
101 _aGJL
245 _aLovers' legends The Gay Greek Myths
_cCalimach,A
942 _2udc
_cBK
999 _c41185
_d41185